00752nam a2200193 a 450000100100000000500170001000800410002702000150006804000250008310000290010824500970013726001250023430000250035949000370038454600430042150400350046470000220049983000370052100003938520201002031626.0130625s1994 sp 000 0 spa d a8400074564 aDO-SdBNPbspacBNPHU1 aFath al-Andalus. Árabe 0aFath Al-Andalus :bla conquista de Al-Andalus /cestudio y edición crítica, Luis Molina. aMadrid :bConsejo Superior de Investigaciones Científicas :bAgencia Española de Cooperación Internacional,c1994. aXLI, 149 p ;c24 cm.1 aFuentes arábico-hispanas ;v18 aTexto en árabe, estudio en español aBibliografía : p. XXXIX -XLI1 aMolina, Luisved.00aFuentes arábico-hispanas ;v18